Stations de la ligne 1 du tramway de Nice - Statistiques

Statistiques générales
  • Ce quiz a été pris 11 fois
  • Le résultat moyen est 16 sur 22
Statistiques - réponses
Réponse % Correct
Jean Médecin
100%
Masséna
100%
Garibaldi
90%
Cathédrale - Vieille Ville
80%
Gare Thiers
80%
Henri Sappia
80%
Hôpital Pasteur
80%
Le Ray
80%
Opéra - Vieille Ville
80%
Pont Michel
80%
Borriglione
70%
Comte de Falicon
70%
Gorbella
70%
Libération
70%
Palais des Expositions
70%
Valrose Université
70%
Saint Jean d'Angély - Université
60%
Saint-Roch
60%
Vauban
60%
Acropolis
50%
Virgile Barel
40%
Saint-Charles
30%
Aucun quiz correspondant
Distribution des résultats
% des personnes avec chaque résultat
Percentile par nombre de réponses
Votre historique - résultats
Vous n’avez pas pris ce quiz